Every Eurovision Song Of The 1970s - Statistics

General Stats
  • This quiz has been taken 41 times
  • The average score is 77 of 176
Answer Stats
Year Country Artist Answer % Correct
1978 Israel Izhar Cohen & the Alphabeta A-Ba-Ni-Bi
100%
1970 Ireland Dana All Kinds of Everything
100%
1973 Spain Mocedades Eres tú
100%
1974 Italy Gigliola Cinquetti
100%
1973 Luxembourg Anne-Marie David Tu te reconnaîtras
100%
1974 Sweden ABBA Waterloo
100%
1972 Luxembourg Vicky Leandros Après toi
96%
1975 Netherlands Teach-In Ding-a-dong
96%
1979 Israel Milk and Honey Hallelujah
96%
1977 France Marie Myriam L'Oiseau et l'Enfant
96%
1976 Norway Anne-Karine Ström Mata Hari
96%
1976 United Kingdom Brotherhood of Man Save Your Kisses for Me
96%
1970 United Kingdom Mary Hopkin Knock, knock (Who's There?)
91%
1977 Finland Monica Aspelund Lapponia
91%
1971 Monaco Séverine Un banc, un arbre, une rue
91%
1978 Denmark Mabel Boom Boom
87%
1977 Austria Schmetterlinge Boom Boom Boomerang
87%
1979 Germany Dschinghis Khan Dschinghis Khan
87%
1973 Israel Ilanit Ey Sham
87%
1974 United Kingdom Olivia Newton-John Long Live Love
87%
1972 United Kingdom The New Seekers Beg, Steal or Borrow
83%
1976 Switzerland Peter, Sue & Marc Djambo, Djambo
83%
1975 Italy Wess & Dori Ghezzi Era
83%
1971 United Kingdom Clodagh Rogers Jack in the Box
83%
1977 United Kingdom Lynsey de Paul & Mike Moran Rock Bottom
83%
1979 Spain Betty Missiego Su canción
83%
1978 United Kingdom Co-Co The Bad Old Days
83%
1976 France Catherine Ferry Un, deux, trois
83%
1977 Sweden Forbes Beatles
78%
1972 Ireland Sandie Jones Ceol an Ghrá
78%
1972 Malta Helen & Joseph L-imħabba
78%
1971 Malta Joe Grech Marija l-Maltija
78%
1971 Germany Katja Ebstein Diese Welt
74%
1978 Germany Ireen Sheer Feuer
74%
1979 Austria Christina Simon Heute in Jerusalem
74%
1979 France Anne-Marie David Je suis l'enfant-soleil
74%
1975 United Kingdom The Shadows Let Me Be the One
74%
1975 Switzerland Simone Drexel Mikado
74%
1978 Norway Jahn Teigen Mil etter mil
74%
1975 Turkey Semiha Yankı Seninle Bir Dakika
74%
1973 Belgium Nicole and Hugo Baby, Baby
70%
1970 Spain Julio Iglesias Gwendolyne
70%
1979 Belgium Micha Marah Hey Nana
70%
1974 Netherlands Mouth & MacNeal I See a Star
70%
1979 United Kingdom Black Lace Mary Ann
70%
1973 United Kingdom Cliff Richard Power to All Our Friends
70%
1976 Germany Les Humphries Singers Sing, Sang, Song
70%
1977 Germany Silver Convention Telegram
70%
1972 Portugal Carlos Mendes A festa da vida
65%
1979 Denmark Tommy Seebach Disco tango
65%
1974 Yugoslavia Korni Generacija '42
65%
1970 France Guy Bonnet Marie-Blanche
65%
1978 Austria Springtime Mrs. Caroline Robinson
65%
1978 Luxembourg Baccara Parlez-vous français ?
65%
1979 Greece Elpida Socrati
65%
1975 Luxembourg Géraldine Toi
65%
1977 Norway Anita Skorgan Casanova
61%
1979 Ireland Cathal Dunne Happy Man
61%
1971 Norway Hanne Krogh Lykken er...
61%
1972 Yugoslavia Tereza Muzika i ti
61%
1970 Switzerland Henri Dès Retour
61%
1978 Turkey Nazar Sevince
61%
1977 Switzerland Pepe Lienhard Band Swiss Lady
61%
1979 Switzerland Peter, Sue & Marc and Pfuri, Gorps & Kniri Trödler & Co
61%
1978 Greece Tania Tsanaklidou Charlie Chaplin
57%
1978 Portugal Gemini Dai-li-dou
57%
1976 Greece Mariza Koch Panaghia mou, panaghia mou
57%
1971 Luxembourg Monique Melsen Pomme, pomme, pomme
57%
1975 Malta Renato Singing This Song
57%
1976 Monaco Mary Christy Toi, la musique et moi
57%
1973 Finland Marion Rung Tom Tom Tom
57%
1972 Spain Jaime Morey Amanece
52%
1974 Luxembourg Ireen Sheer Bye Bye I Love You
52%
1974 Germany Cindy & Bert Die Sommermelodie
52%
1977 Ireland The Swarbriggs Plus Two It's Nice to Be in Love Again
52%
1973 Germany Gitte Junger Tag
52%
1978 Monaco Caline and Olivier Toussaint Les jardins de Monaco
52%
1972 Finland Päivi Paunu and Kim Floor Muistathan
52%
1976 Yugoslavia Ambasadori Ne mogu skriti svoj bol
52%
1977 Portugal Os Amigos Portugal no coração
52%
1970 Yugoslavia Eva Sršen Pridi, dala ti bom cvet
52%
1973 France Martine Clémenceau Sans toi
52%
1972 France Betty Mars Comé-comédie
48%
1975 France Nicole Rieu Et bonjour à toi l'artiste
48%
1975 Sweden Lars Berghagen and the Dolls Jennie, Jennie
48%
1979 Norway Anita Skorgan Oliver
48%
1977 Monaco Michèle Torr Une petite française
48%
1971 Sweden Family Four Vita vidder
48%
1971 Spain Karina En un mundo nuevo
43%
1972 Sweden Family Four Härliga sommardag
43%
1970 Germany Katja Ebstein Wunder gibt es immer wieder
43%
1973 Sweden The Nova and The Dolls You're Summer
43%
1974 Portugal Paulo de Carvalho E depois do adeus
39%
1972 Austria The Milestones Falter im Wind
39%
1978 France Joël Prévost Il y aura toujours des violons
39%
1971 Switzerland Peter, Sue and Marc Les Illusions de nos vingt ans
39%
1977 Greece Pascalis, Marianna, Robert & Bessy Mathima Solfez
39%
1971 Austria Marianne Mendt Musik
39%
1979 Sweden Ted Gärdestad Satellit
39%
1971 Netherlands Saskia & Serge Tijd
39%
1971 France Serge Lama Un jardin sur la terre
39%
1978 Belgium Jean Vallée L'amour ça fait chanter la vie
35%
1975 Finland Pihasoittajat Old Man Fiddle
35%
1977 Belgium Dream Express A Million in One, Two, Three
30%
1974 Greece Marinella Krassi, thalassa ke t'agori mou
30%
1972 Germany Mary Roos Nur die Liebe läßt uns leben
30%
1974 Spain Peret Canta y sé feliz
26%
1974 Norway Anne-Karine Ström and the Bendik Singers The First Day of Love
26%
1970 Belgium Jean Vallée Viens l'oublier
26%
1978 Ireland Colm T. Wilkinson Born to Sing
22%
1976 Finland Fredi and The Friends Pump-Pump
22%
1975 Spain Sergio & Estíbaliz Tú volverás
22%
1976 Ireland Red Hurley When
22%
1979 Netherlands Xandra Colorado
17%
1974 Ireland Tina Cross Your Heart
17%
1975 Germany Joy Fleming Ein Lied kann eine Brücke sein
17%
1977 Spain Micky Enséñame a cantar
17%
1977 Luxembourg Anne Marie B. Frère Jacques
17%
1973 Yugoslavia Zdravko Čolić Gori vatra
17%
1973 Norway Bendik Singers It's Just a Game
17%
1977 Italy Mia Martini Liberà
17%
1976 Austria Waterloo & Robinson My Little World
17%
1970 Italy Gianni Morandi Occhi di ragazza
17%
1971 Ireland Angela Farrell One Day Love
17%
1975 Ireland The Swarbriggs That's What Friends Are For
17%
1978 Switzerland Carole Vinci Vivre
17%
1970 Netherlands Patricia & Hearts of Soul Waterman
17%
1974 Finland Carita Älä mene pois (Keep Me Warm)
13%
1977 Netherlands Heddy Lester De mallemolen
13%
1979 Luxembourg Jeane Manson J'ai déjà vu ça dans tes yeux
13%
1976 Belgium Pierre Rapsat Judy et Cie
13%
1975 Portugal Duarte Mendes Madrugada
13%
1970 Monaco Dominique Dussault Marlène
13%
1974 Switzerland Piera Martell Mein Ruf nach dir
13%
1978 Italy Ricchi e Poveri Questo Amore
13%
1976 Netherlands Sandra Reemer The Party's Over Now
13%
1975 Norway Ellen Nikolaysen Touch My Life with Summer
13%
1973 Monaco Marie Un train qui part
13%
1975 Israel Shlomo Artzi At Va'Ani
9%
1978 Spain José Vélez Bailemos un vals
9%
1973 Italy Massimo Ranieri Chi sarà con te
9%
1973 Netherlands Ben Cramer De oude muzikant
9%
1978 Sweden Björn Skifs Det blir alltid värre framåt natten
9%
1973 Ireland Maxi Do I Dream
9%
1971 Italy Massimo Ranieri L'amore è un attimo
9%
1979 Italy Matia Bazar Raggio di luna
9%
1972 Norway Grethe Kausland & Benny Borg Småting
9%
1973 Portugal Fernando Tordo Tourada
9%
1975 Monaco Sophie Une chanson c'est une lettre
9%
1976 Italy Romina & Al Bano We'll Live It All Again
9%
1977 Israel Ilanit Ah-haa-vah Hee Shir Lish-naa-yim
4%
1972 Netherlands Sandra & Andres Als het om de liefde gaat
4%
1978 Finland Seija Simola Anna rakkaudelle tilaisuus
4%
1974 Monaco Romuald Celui qui reste et celui qui s'en va
4%
1976 Luxembourg Jürgen Marcus Chansons pour ceux qui s'aiment
4%
1975 Yugoslavia Pepel In Kri Dan ljubezni
4%
1976 Israel Chocolate, Menta, Mastik Emor Shalom
4%
1974 Belgium Jacques Hustin Fleur de liberté
4%
1975 Belgium Ann Christy Gelukkig zijn
4%
1971 Belgium Lily Castel and Jacques Raymond Goeie morgen, morgen
4%
1972 Italy Nicola di Bari I giorni dell'arcobaleno
4%
1970 Luxembourg David Alexandre Winter Je suis tombé du ciel
4%
1973 Switzerland Patrick Juvet Je vais me marier, Marie
4%
1979 Finland Katri-Helena Katson sineen taivaan
4%
1971 Portugal Tonicha Menina do alto da serra
4%
1974 Israel Kaveret Natati La Khayay
4%
1979 Monaco Laurent Vaguener Notre vie c'est la musique
4%
1979 Portugal Manuela Bravo Sobe, sobe, balão sobe
4%
1976 Spain Braulio Sobran las palabras
4%
1971 Finland Markku Aro and Koivisto Sisters Tie uuteen päivään
4%
1978 Netherlands Harmony 't Is Ok
4%
1971 Yugoslavia Krunoslav Slabinac Tvoj dječak je tužan
4%
1976 Portugal Carlos do Carmo Uma flor de verde pinho
4%
1972 Belgium Serge and Christine Ghisoland À la folie ou pas du tout
0%
1972 Switzerland Véronique Müller C'est la chanson de mon amour
0%
1972 Monaco Anne-Marie Godart and Peter MacLane Comme on s'aime
0%
No matching quizzes found
Score Distribution
Percent of People with Each Score
Percentile by Number Answered
Your Score History
You have not taken this quiz